El Derecho de defensa en el proceso penal juvenil costarricense /

Uloženo v:
Podrobná bibliografie
Hlavní autor: Rojas A, Alejandro
Médium: Text
Témata:
Tagy: Přidat tag
Žádné tagy, Buďte první, kdo vytvoří štítek k tomuto záznamu!

MARC

LEADER 00000 a a2200000 04500
001 17391
003
040
100 |a Rojas A, Alejandro  
245 |a El Derecho de defensa en el proceso penal juvenil costarricense /  |c Alejandro Rojas A 
650 |a ADOLESCENTES  
650 |a PROBLEMAS SOCIALES  
650 |a DELINCUENCIA  
650 |a DELINCUENCIA JUVENIL  
650 |a DELITOS  
650 |a CASTIGO  
650 |a SANCIONES PENALES  
650 |a ASPECTOS JURIDICOS  
650 |a LEGISLACION  
773 |g número 5; páginas 333-384  
999 |c 20282  |d 20282